Normal view MARC view

Entry Topical Term

Number of records used in: 1

001 - CONTROL NUMBER

  • control field: 49390

003 - CONTROL NUMBER IDENTIFIER

  • control field: OSt

005 - DATE AND TIME OF LATEST TRANSACTION

  • control field: 20241210111858.0

008 - FIXED-LENGTH DATA ELEMENTS

  • fixed length control field: 241210|| aca||aabn | a|a d

040 ## - CATALOGING SOURCE

  • Original cataloging agency: OSt
  • Transcribing agency: OSt

150 ## - HEADING--TOPICAL TERM

  • Topical term or geographic name entry element: Indian ocean, Gender, Photography, Islamic, Colonial law.

670 ## - SOURCE DATA FOUND

  • Source citation: Work cat.: (OSt): Stephens, Julia 49389, Material modernities: Tracing Janbai’s gendered mobilities across the Indian ocean

Powered by Koha